The essential trustee (Record no. 104339)

MARC details
000 -LEADER
fixed length control field 01051cam a2200205 4500
001 - CONTROL NUMBER
control field L130083
008 - FIXED-LENGTH DATA ELEMENTS--GENERAL INFORMATION
fixed length control field 050621n2005 000 0 eng u
035 ## - SYSTEM CONTROL NUMBER
System control number (Sirsi) u130083
041 ## - LANGUAGE CODE
Language code of text/sound track or separate title eng
110 ## - MAIN ENTRY--CORPORATE NAME
Corporate name or jurisdiction name as entry element Charity Commission for England and Wales
9 (RLIN) 3722
245 #4 - TITLE STATEMENT
Title The essential trustee
Remainder of title what you need to know
260 ## - PUBLICATION, DISTRIBUTION, ETC.
Date of publication, distribution, etc. 2005
300 ## - PHYSICAL DESCRIPTION
Extent 40p.
490 ## - SERIES STATEMENT
Series statement Charity Commission Publication
Volume/sequential designation 3
520 ## - SUMMARY, ETC.
Summary, etc. Provides guidance from the Charity Commission for all who serve as trustees or directors on the governing body of a charity or who are about to take up trustee responsibilities. Covers: the charity framework in brief; trustee duties at a glance; trustees and their responsibilities; compliance; the duties of prudence and care; what to do if things go wrong and; further information and advice.
590 ## - LOCAL NOTE (RLIN)
Local note IKA040705
690 ## - LOCAL SUBJECT ADDED ENTRY--TOPICAL TERM (OCLC, RLIN)
Topical term or geographic name as entry element MANAGEMENT-BUSINESS MANAGEMENT
856 ## - ELECTRONIC LOCATION AND ACCESS
Uniform Resource Identifier <a href="https://www.ihbc.org.uk/recent_papers/docs/Charity_Commission.pdf">https://www.ihbc.org.uk/recent_papers/docs/Charity_Commission.pdf</a>
Public note View the guidance free of charge at www.charitycommission.gov.uk...
942 ## - ADDED ENTRY ELEMENTS (KOHA)
Suppress in OPAC 0
Holdings
Withdrawn status Lost status Source of classification or shelving scheme Damaged status Not for loan Home library Current library Shelving location Date acquired Total Checkouts Full call number Barcode Date last seen Copy number Price effective from Koha item type
    Dewey Decimal Classification     Virtual Virtual Online 21/06/2005   ONLINE PUBLICATION 130083-2001 06/08/2019 1 06/08/2019 Book